Wage and position classfication survey of the national government of the Philippines: a report (Record no. 499750)

000 -LEADER
fixed length control field 00382cam a22001097a 4500
008 - FIXED-LENGTH DATA ELEMENTS--GENERAL INFORMATION
fixed length control field 180718b1955 xxu||||| |||| 00| 0 eng d
082 ## - DEWEY DECIMAL CLASSIFICATION NUMBER
Classification number K2x914 P538
100 ## - MAIN ENTRY--PERSONAL NAME
Personal name Kroeger, Louis J.
245 ## - TITLE STATEMENT
Title Wage and position classfication survey of the national government of the Philippines: a report
Statement of responsibility, etc. by Louis J. Kroeger
260 ## - PUBLICATION, DISTRIBUTION, ETC.
Place of publication, distribution, etc. Manila
Name of publisher, distributor, etc. National Economic Council
Date of publication, distribution, etc. 1955
300 ## - PHYSICAL DESCRIPTION
Extent 110+p.
Holdings
Withdrawn status Lost status Damaged status Not for loan Permanent Location Current Location Date acquired Full call number Barcode Date last seen Price effective from Koha item type
        Indian Institute of Public Administration Indian Institute of Public Administration 2018-08-04 K2x914 P538 GG7371 2018-08-04 2018-08-04 GG

Powered by Koha